[Event "Bergamo op 11th"]
[Site "Bergamo"]
[Date "2012.07.15"]
[Round "6"]
[White "Ventura, Franco"]
[Black "Aranovitch, Emiliano"]
[Result "0-1"]
[WhiteElo "2084"]
[BlackElo "2329"]
[PlyCount "96"]
[EventDate "2012.07.13"]
[EventType "swiss"]
[EventRounds "6"]
[EventCountry "ITA"]
[SourceTitle "CBM 149 Extra"]
[Source "ChessBase"]
[SourceDate "2012.08.24"]
[SourceVersion "1"]
[SourceVersionDate "2012.08.24"]
[SourceQuality "1"]

1. c4 c5 2. Nf3 Nf6 3. Nc3 Nc6 4. g3 g6 5. Bg2 Bg7 6. d4 cxd4 7. Nxd4 Nxd4 8. Qxd4 0-0 9. 0-0 d6 10. Qd2 Be6 11. b3 d5 12. cxd5 Nxd5 13. Bxd5 Bxd5 14. Bb2 Bc6 15. Qxd8 Rfxd8 16. Rfd1 e5 17. Rxd8+ Rxd8 18. Rd1 Rxd1+ 19. Nxd1 f6 20. Kf1 Kf7 21. Ke1 Bh6 22. f3 Ke6 23. Kf2 Bf8 24. Bc1 a5 25. Bd2 a4 26. e4 f5 27. Nc3 b5 28. bxa4 bxa4 29. Ke2 Bc5 30. h3 Kd6 31. h4 h5 32. exf5 gxf5 33. f4 e4 34. Be3 Bxe3 35. Kxe3 Kc5 36. Kd2 a3 37. Nd1 Bd5 38. Ne3 Bxa2 39. Nc2 Bc4 40. Nxa3 Bd3 41. Kc3 Kd5 42. Kd2 Kd4 43. Nc2+ Bxc2 44. Kxc2 e3 45. Kd1 Kd3 46. Ke1 e2 47. g4 hxg4 48. h5 g3 0-1

[Event "Bergamo op 11th"]
[Site "Bergamo"]
[Date "2012.07.14"]
[Round "4"]
[White "Cazzaniga, Walter"]
[Black "Aranovitch, Emiliano"]
[Result "1/2-1/2"]
[WhiteElo "2148"]
[BlackElo "2329"]
[PlyCount "52"]
[EventDate "2012.07.13"]
[EventType "swiss"]
[EventRounds "6"]
[EventCountry "ITA"]
[SourceTitle "CBM 149 Extra"]
[Source "ChessBase"]
[SourceDate "2012.08.24"]
[SourceVersion "1"]
[SourceVersionDate "2012.08.24"]
[SourceQuality "1"]

1. d4 Nf6 2. c4 e6 3. Nf3 b6 4. g3 Ba6 5. b3 Bb4+ 6. Bd2 Be7 7. Bg2 c6 8. Bc3 d5 9. Ne5 Nfd7 10. Nxd7 Nxd7 11. Nd2 Rc8 12. 0-0 0-0 13. e4 b5 14. Re1 bxc4 15. bxc4 dxc4 16. Nf1 Re8 17. Ne3 Bf8 18. Bf1 e5 19. Nxc4 exd4 20. Qxd4 Nc5 21. e5 Qxd4 22. Bxd4 Rcd8 23. Nd6 Bxd6 24. exd6 Ne6 25. Bxa6 Nxd4 26. Rxe8+ Rxe8 1/2-1/2

[Event "Bergamo op 11th"]
[Site "Bergamo"]
[Date "2012.07.13"]
[Round "1"]
[White "Aranovitch, Emiliano"]
[Black "Sala, Giovanni"]
[Result "1-0"]
[WhiteElo "2329"]
[BlackElo "1996"]
[PlyCount "57"]
[EventDate "2012.07.13"]
[EventType "swiss"]
[EventRounds "6"]
[EventCountry "ITA"]
[SourceTitle "EXT 2014"]
[Source "ChessBase"]
[SourceDate "2013.11.20"]
[SourceVersion "1"]
[SourceVersionDate "2013.11.20"]
[SourceQuality "1"]

1. e4 c5 2. Nf3 d6 3. Bb5+ Bd7 4. Bxd7+ Qxd7 5. 0-0 Nf6 6. e5 dxe5 7. Nxe5 Qc7 8. d4 e6 9. Bf4 Qb6 10. dxc5 Bxc5 11. Nc3 0-0 12. Na4 Qb4 13. c4 b5 14. Nxc5 Qxc5 15. Qf3 Nbd7 16. Nxd7 Nxd7 17. Rad1 Ne5 18. Qg3 f6 19. Bxe5 Qxe5 20. Qxe5 fxe5 21. cxb5 Rab8 22. a4 Rf4 23. b3 Rb4 24. Rd7 Ra8 25. Rfd1 Rxb3 26. Rd8+ Rxd8 27. Rxd8+ Kf7 28. g3 a6 29. bxa6 1-0

[Event "SUI-chT"]
[Site "Switzerland"]
[Date "2012.04.29"]
[Round "3.6"]
[White "Gloor, Roger"]
[Black "Aranovitch, Emiliano"]
[Result "1/2-1/2"]
[WhiteElo "2249"]
[BlackElo "2332"]
[PlyCount "148"]
[EventDate "2012.03.18"]
[EventType "team-tourn"]
[EventRounds "9"]
[EventCountry "SUI"]
[SourceTitle "EXT 2013"]
[Source "ChessBase"]
[SourceDate "2012.11.22"]
[SourceVersion "1"]
[SourceVersionDate "2012.11.22"]
[SourceQuality "1"]
[WhiteTeam "Luzern"]
[BlackTeam "Mendrisio"]
[WhiteTeamCountry "SUI"]
[BlackTeamCountry "SUI"]

1. e4 c5 2. Nf3 d6 3. d4 cxd4 4. Nxd4 Nf6 5. Nc3 Nc6 6. Bg5 e6 7. Qd2 Be7 8. 0-0-0 Nxd4 9. Qxd4 0-0 10. f4 Qa5 11. Bc4 Rd8 12. Rhf1 Bd7 13. f5 Rac8 14. Bb3 a6 15. Kb1 Qc5 16. Bxf6 Bxf6 17. Qxd6 Qa5 18. Qf4 Rxc3 19. fxe6 Rxb3 20. exf7+ Kxf7 21. axb3 Bb5 22. Rxd8 Qxd8 23. e5 Bxf1 24. Qxf1 Qd2 25. exf6 gxf6 26. Qc4+ Kg7 27. Qg4+ Kh6 28. Qe4 b5 29. b4 Qf2 30. Qf3 Qe1+ 31. Ka2 Qe6+ 32. b3 f5 33. h4 Kg7 34. Qg3+ Kf7 35. Qf4 Kg6 36. g3 h6 37. Qf3 Qd7 38. Qd3 Qxd3 39. cxd3 f4 40. gxf4 Kf5 41. Kb2 Kxf4 42. Kc3 Ke5 43. d4+ Ke4 44. h5 Kf5 45. Kd3 Kf4 46. d5 Ke5 47. d6 Kxd6 48. Kd4 Ke6 49. Kc5 Kf5 50. Kb6 Kg5 51. Kxa6 Kxh5 52. Kxb5 Kg5 53. Kc5 h5 54. b5 h4 55. b6 h3 56. b7 h2 57. b8Q h1Q 58. Qg8+ Kf6 59. b4 Ke7 60. Qg7+ Ke8 61. Qg6+ Kf8 62. Qf6+ Kg8 63. Qg5+ Kf8 64. b5 Qa1 65. Qd8+ Kf7 66. Qd7+ Kf8 67. b6 Qa5+ 68. Kc6 Qa6 69. Kc7 Qa5 70. Qd6+ Ke8 71. Kb8 Qa4 72. b7 Qb5 73. Qe6+ Kd8 74. Ka7 Qxb7+ 1/2-1/2

[Event "SUI-chT"]
[Site "Switzerland"]
[Date "2012.04.15"]
[Round "2.5"]
[White "Heimann, Andreas"]
[Black "Aranovitch, Emiliano"]
[Result "1/2-1/2"]
[WhiteElo "2480"]
[BlackElo "2332"]
[PlyCount "113"]
[EventDate "2012.03.18"]
[EventType "team-tourn"]
[EventRounds "9"]
[EventCountry "SUI"]
[SourceTitle "EXT 2013"]
[Source "ChessBase"]
[SourceDate "2012.11.22"]
[SourceVersion "1"]
[SourceVersionDate "2012.11.22"]
[SourceQuality "1"]
[WhiteTeam "Reichenstein"]
[BlackTeam "Mendrisio"]
[WhiteTeamCountry "SUI"]
[BlackTeamCountry "SUI"]

1. e4 c5 2. Nf3 d6 3. d4 cxd4 4. Nxd4 Nf6 5. Nc3 Nc6 6. Bg5 e6 7. Qd2 Be7 8. 0-0-0 Nxd4 9. Qxd4 0-0 10. f4 Qa5 11. Kb1 Rd8 12. Bd3 h6 13. h4 Qb6 14. Qxb6 axb6 15. e5 dxe5 16. fxe5 hxg5 17. exf6 Bxf6 18. Ne4 Be5 19. hxg5 Bd7 20. g6 f6 21. Bc4 Kf8 22. Nf2 Bc6 23. Nd3 Bxg2 24. Rh8+ Ke7 25. Rh7 Rg8 26. Re1 Rad8 27. b3 Bd5 28. Nxe5 fxe5 29. Bd3 e4 30. Bxe4 Bxe4 31. Rxe4 Kf6 32. Rh1 Rd5 33. Rf1+ Rf5 34. Rd1 Re8 35. Rd6 b5 36. Rb6 Re7 37. Kb2 Kxg6 38. Rbxe6+ Rxe6 39. Rxe6+ Kh5 40. Re7 g5 41. Rh7+ Kg4 42. Rxb7 Kf3 43. a4 bxa4 44. bxa4 g4 45. Rg7 g3 46. Kb3 g2 47. c4 Rf4 48. Rxg2 Kxg2 49. Kb4 Kf3 50. a5 Ke4 51. a6 Kd4 52. a7 Rf1 53. Kb5 Ra1 54. Kb6 Kxc4 55. Kb7 Kb5 56. a8Q Rxa8 57. Kxa8 1/2-1/2

[Event "Novara op 1st"]
[Site "Novara"]
[Date "2011.11.05"]
[Round "2"]
[White "Aranovitch, Emiliano"]
[Black "Aghayev, Miragha"]
[Result "0-1"]
[WhiteElo "2319"]
[BlackElo "2112"]
[PlyCount "86"]
[EventDate "2011.11.04"]
[EventType "swiss"]
[EventRounds "5"]
[EventCountry "ITA"]
[SourceTitle "EXT 2012"]
[Source "ChessBase"]
[SourceDate "2011.11.24"]
[SourceVersion "1"]
[SourceVersionDate "2011.11.24"]
[SourceQuality "1"]

1. e4 c5 2. Nc3 e6 3. Nf3 a6 4. d4 cxd4 5. Nxd4 d6 6. g3 Nf6 7. Bg2 Be7 8. 0-0 0-0 9. a4 Bd7 10. a5 Nc6 11. Nxc6 Bxc6 12. Be3 Rc8 13. Re1 Qc7 14. Re2 Nd7 15. Na4 Bf6 16. c3 Bxa4 17. Qxa4 Nc5 18. Qa2 Nd3 19. Rd1 Ne5 20. Bd4 Bd8 21. b4 Bf6 22. Rc2 Nd7 23. Be3 Ne5 24. c4 Ng4 25. Bb6 Qb8 26. h3 Ne5 27. Qb3 Bd8 28. Be3 b6 29. axb6 Bxb6 30. Bxb6 Qxb6 31. Rb1 Nc6 32. c5 dxc5 33. Rxc5 Rb8 34. Qc3 Nxb4 35. h4 a5 36. h5 h6 37. g4 f6 38. Qc4 a4 39. Ra1 Nd3 40. Qxd3 Qxc5 41. Rxa4 Rfd8 42. Qg3 e5 43. Bf1 Rd1 0-1

[Event "Novara op 1st"]
[Site "Novara"]
[Date "2011.11.04"]
[Round "1"]
[White "Castrogiovanni, Carlo"]
[Black "Aranovitch, Emiliano"]
[Result "1/2-1/2"]
[WhiteElo "2031"]
[BlackElo "2319"]
[PlyCount "127"]
[EventDate "2011.11.04"]
[EventType "swiss"]
[EventRounds "5"]
[EventCountry "ITA"]
[SourceTitle "EXT 2012"]
[Source "ChessBase"]
[SourceDate "2011.11.24"]
[SourceVersion "1"]
[SourceVersionDate "2011.11.24"]
[SourceQuality "1"]

1. d4 Nf6 2. c4 c5 3. d5 g6 4. Nc3 Bg7 5. Nf3 0-0 6. e4 d6 7. Be2 e6 8. 0-0 exd5 9. exd5 Re8 10. Qc2 Na6 11. Bg5 h6 12. Bf4 Bf5 13. Qd2 g5 14. Be3 Ne4 15. Nxe4 Bxe4 16. Rac1 Qf6 17. b3 Qb2 18. Qxb2 Bxb2 19. Rcd1 Nb4 20. Ne1 Bc3 21. a4 Bxe1 22. Rdxe1 Bc2 23. Bd1 Bd3 24. Be2 Bc2 25. Bd1 Bxd1 26. Rxd1 Nc2 27. Rd3 Re7 28. Rc3 Nb4 29. Re1 a6 30. Kf1 b5 31. f4 Rae8 32. axb5 axb5 33. fxg5 hxg5 34. Bd2 Rxe1+ 35. Bxe1 bxc4 36. bxc4 f5 37. h4 gxh4 38. Bxh4 Re4 39. g3 Kf7 40. Bg5 Rd4 41. Ke2 Re4+ 42. Kf2 Rd4 43. Ke2 Ke8 44. Be3 Re4 45. Kf2 Kd7 46. Bf4 Na6 47. Kf3 Rd4 48. Be3 Re4 49. Bf4 Rd4 50. Be3 Rd1 51. Ra3 Nc7 52. Ke2 Rb1 53. Bf4 Rb2+ 54. Kd3 Rb1 55. Ra2 Rd1+ 56. Kc3 Rh1 57. Rb2 Ne8 58. Rb7+ Kc8 59. Rf7 Rh5 60. Kb3 Kd8 61. Ka4 Rh1 62. Rxf5 Rb1 63. Bg5+ Kd7 64. Rf7+ 1/2-1/2